PEOPLE of the century

Saved in:
Bibliographic Details
Format: Book
Language:English
Published: Simon & Schuster 1999
Tags: Add Tag
No Tags, Be the first to tag this record!

MARC

LEADER 00000nam a22000007a 4500
008 201217b ||||| |||| 00| 0 eng d
020 |a ISBN: 0-684-87093-2 
245 |a PEOPLE of the century  |c Time/CBS news  |g . 448p.; ill 
260 |b Simon & Schuster  |c 1999  |h  New York  |i 684340  |l CT120 .P39  |m Biography – 20th century 
500 |a “It includes appendix and index”. 
942 |a lcc  |c BK  |e Olagoke.M A  |f 17/12/2020 
952 |0 0  |1 0  |2 lcc  |4 0  |6 CT0120 P39  |7 0  |9 683  |a HOL  |b HOL  |c AF  |d 2020-12-17  |l 0  |o CT120 .P39  |p 2020-229910  |r 2020-12-17 00:00:00  |w 2020-12-17  |y BK 
999 |c 381  |d 381